MARC

LEADER 00000nam0a2200000 4500
001 12356
005 20231030184329.0
035 |a (RuTPU)RU\TPU\book\12432 
035 |a BOOK00012498 
090 |a 12356 
100 |a 20011209d1999 m y0rusy50 ca 
101 0 |a rus 
102 |a RU 
105 |a y j 000zy 
200 1 |a Высшая математика. Дистанционное обучение  |h Ч. 2  |e учебное пособие  |f Л. И. Самочернова  |g Томский политехнический университет 
210 |a Томск  |c Изд-во ТПУ  |d 1999 
215 |a 160 с. 
610 1 |a высшая математика 
610 1 |a математический анализ 
610 1 |a дифференциальные исчисления 
610 1 |a функции 
610 1 |a учебные пособия 
610 1 |a дистанционное обучение 
610 1 |a интегральное исчисления 
675 |a 51(075.8)  |v 3 
700 1 |a Самочернова  |b Л. И.  |g Лидия Ивановна 
712 0 2 |a Томский политехнический университет  |2 stltpush  |3 (RuTPU)RU\TPU\col\376 
801 0 |a RU  |b 63413507  |c 20011209  |g PSBO 
801 2 |a RU  |b 63413507  |c 20140929  |g PSBO 
942 |c BK